Reconocimiento de lugar

Kaydedildi:
Detaylı Bibliyografya
Asıl Yazarlar: Aravena, Claudia (Yazar), Cifuentes, Guillermo (Yazar), Egaña, Alejandra (Yazar), Valdés, Adriana (Yazar)
Müşterek Yazar: Galería Gabriela Mistral (autor)
Materyal Türü: Kitap
Dil:İspanyolca
Baskı/Yayın Bilgisi: Santiago Ministerio de Educación 2002
Santiago Galería Gabriela Mistral 2002
Konular:
Etiketler: Etiketle
Etiket eklenmemiş, İlk siz ekleyin!

MARC

LEADER 00000nam a2200000 a 4500
001 UCL7247
003 CL-VaPUC
008 040514e20020000cl |||||||||||||||||spa|d
082 0 4 |a 760  |b ARA  |2 21 
100 0 |a Aravena, Claudia  |e author  |9 485105 
700 0 |a Cifuentes, Guillermo  |e author  |9 485106 
700 0 |a Egaña, Alejandra  |e author  |9 485107 
700 0 |a Valdés, Adriana  |e author  |9 485108 
110 |a Galería Gabriela Mistral  |e autor  |9 485698 
245 1 0 |a Reconocimiento de lugar 
300 |a pág. irreg 
942 |c BK 
945 |d 20040514 00:00:00  |a cmena 
260 |a Santiago  |b Ministerio de Educación  |c 2002 
260 |a Santiago  |b Galería Gabriela Mistral  |c 2002 
650 0 |a Artes gráficas  |9 265865 
650 0 |a Artes visuales  |9 336870 
583 |a last modification  |c 20171123 01:32:01  |k Rodrigo Vera 
999 |c 309095  |d 309093 
952 |0 0  |1 0  |4 0  |6 760_000000000000000_ARA_2002_2002  |7 0  |8 R  |9 376378  |a BIBART  |b BIBART  |d 2019-11-21  |i 4013425  |o 760 ARA 2002 2002  |p 4013425  |r 2025-03-13  |w 2019-11-21  |y BK_R  |k ART